Animal Alphabet Picture 1 - Statistics

General Stats
  • This quiz has been taken 112 times
  • The average score is 20 of 26
Answer Stats
Picture Hint Answer % Correct
E Elephant
97%
F Flamingo
97%
J Jaguar
97%
P Pig
97%
I Iguana
95%
M Mouse
95%
C Cheetah
93%
L Llama
93%
H Hedgehog
92%
N Narwhal
88%
S Seal
88%
K Kiwi
86%
D Dingo
85%
T Toucan
85%
G Gazelle
81%
W Worm
81%
B Bobcat
76%
V Vulture
76%
A Albatross
73%
R Roadrunner
68%
O Okapi
66%
Y Yellow Jacket
61%
Q Quetzal
51%
Z Zebra Butterfly
51%
U Uaru
24%
X Xylocopa
15%
No matching quizzes found
Score Distribution
Percent of People with Each Score
Percentile by Number Answered
Your Score History
You have not taken this quiz